000
00322nam a22001337a 4500
003
SGT
082
_a
346.0150 954,SON
100
_a
SONTHEIMER,GUNTHER DIETZ
245
_a
THE JOINT HINDU FAMILY
260
_a
NEW DELHI
_b
MUNSHIRAM MANOHARLAL
_c
1977
300
_a
250
650
_a
JOINT HINDU FAMILY
942
_2
ddc
_c
BK
_0
1
999
_c
10656
_d
10656